| 000 | 00486nam a22001697a 4500 | ||
|---|---|---|---|
| 005 | 20251108165513.0 | ||
| 008 | 250721s1980 xx 000 0 ara d | ||
| 082 | 1 | 4 | _aم/811.9563/حيد |
| 100 | 1 | _aالحيدري، بلند | |
| 245 | 1 | 0 | _aديوان بلند الحيدري / |
| 250 | _aط2 | ||
| 264 | 1 |
_aبيروت : _bدار العودة، _c1980. |
|
| 650 | 1 | 7 | _aالشعر الحديث |
| 650 | 1 | 7 | _aالعراقالشعر العربي |
| 942 |
_2ddc _cREF |
||
| 999 |
_c29454 _d29454 |
||